The Diagnosis, Epidemiology, And control Of parasite infection Of livestock in cambodia 05-06 December , 2012 . ការធ្វើរោគវិនិច្ឆ័យ ការរាតត្បាត និងការត្រួតពិនិត្យជំងឺបរាសិតសត្វនៅកម្ពុជា ថ្ងៃទី០៥-០៦ ខែធ្នូ ឆ្នាំ២០១២ (Record no. 25493)

000 -LEADER
fixed length control field 00657nam a22001217a 4500
040 ## - CATALOGING SOURCE
Transcribing agency RUA
082 ## - DEWEY DECIMAL CLASSIFICATION NUMBER
Classification number RUA CHA 2012 C051 Or.
100 ## - MAIN ENTRY--AUTHOR NAME
Personal name CHAN SARUN
245 ## - TITLE STATEMENT
Title The Diagnosis, Epidemiology, And control Of parasite infection Of livestock in cambodia 05-06 December , 2012 . ការធ្វើរោគវិនិច្ឆ័យ ការរាតត្បាត និងការត្រួតពិនិត្យជំងឺបរាសិតសត្វនៅកម្ពុជា ថ្ងៃទី០៥-០៦ ខែធ្នូ ឆ្នាំ២០១២
260 ## - PUBLICATION, DISTRIBUTION, ETC. (IMPRINT)
Place of publication PHNOM PENH
Name of publisher RUA
Year of publication 2012
300 ## - PHYSICAL DESCRIPTION
Number of Pages 128p.
Other physical details ill.
Dimensions 29cm.
942 ## - ADDED ENTRY ELEMENTS (KOHA)
Koha item type ឯកសារស្រាវជ្រាវ
952 ## - LOCATION AND ITEM INFORMATION (KOHA)
Withdrawn status [LOCAL, KOHA] 0
Holdings
Permanent Location Date acquired Koha item type Lost status Shelving location Barcode Current Location Full call number
Library Block C2026-02-18ឯកសារស្រាវជ្រាវ C051C034418Library Block CRUA CHA 2012 C051 Or.
មជ្ឈមណ្ឌលឯការនៃសាកលវិទ្យាល័យភូមិន្ទកសិកម្មចំការដូង

Powered by Koha